000 00441nam a2200205Ia 4500
001 12421
003 GE_BSU
008 181216s||||||||xx |||||||||||||| ||und||
020 _a9780330446129
040 _cGE_BSU
080 _a821.111-312.4
100 _aJames,Peter.
245 _aNot Dead Enough.
260 _aLondon.
260 _bPan Books.
260 _c2007
300 _a624p;18cm.
653 _aNot Dead Enough.
942 _cBK
999 _c45595
_d45595